000 00616nam a2200181Ia 4500
005 20250521103546.0
008 250516s9999 xx 000 0 und d
020 _a9780226691428
_qpbk
041 _aeng
082 _a323.092
_bWEL;1
100 _aWells, Ida B.
245 0 _aCrusade For Justice: The Autobiography Of Ida B. Wells, Second Edition
260 _bUniversity of Chicago Press
_c2020
_aUnited States of America
300 _a385 pages
_c21 cm
504 _aindex
650 _a African American women, African American women Biography, African American women civil rights workers
942 _cENGLISH
999 _c571134
_d571134